000 00277nam a2200121 a 4500
008 140128s2012|||| d
260 _bTimy Partners
_aBratislava
_c2012
020 _c9,99
041 _aslo
044 _axo
_cSK
958 _aAPR
245 1 0 _aCvičení v prírode
999 _c20332
_d20332